00482nam a2200181Ia 4500003000400000005001700004008004100021040000700062041001200069082001600081100005400097245005100151260004600202300001500248365001200263563000700275650001800282OSt20240401094925.0210707s2000 xx 000 0 und d cAL aKannada aK894.4 NAYH aNAYAKA (Ha Ma), Eddನಾಯಕ (ಹಾ ಮಾ)  aHakkiya payana.bಹಕ್ಕಿಯ ಪಯಣ  aBengalurubVishva Kannada Sammelanac2000 aviii,230 p b30cINR aPB aKannada Prose